Statistics for Periodni sistem elemenata (PSE)

Click here to take the quiz!

General Stats

  • This quiz has been taken 86 times
  • The average score is 52 of 118

Answers on the Map

Answers color-coded by a green-red scale on the quiz's map according to % correct below.
 

Answer Stats

#SimbolElement% Correct
11NaNatrij
98%
1HVodik/Hidrogen
98%
8OKisik/Oksigen
97%
47AgSrebro
97%
30ZnCink
95%
2HeHelij
95%
20CaKalcij
95%
19KKalij
95%
12MgMagnezij
95%
26FeŽeljezo/Gvožđe
95%
79AuZlato
95%
7NDušik/Azot/Nitrogen
94%
13AlAluminij
92%
3LiLitij
92%
29CuBakar
89%
14SiSilicij
88%
5BBor
86%
17ClHlor
86%
16SSumpor
86%
6CUgljik/Karbon
86%
35BrBrom
85%
15PFosfor
85%
4BeBerilij
83%
80HgŽiva
83%
18ArArgon
80%
82PbOlovo
79%
10NeNeon
77%
28NiNikl
76%
25MnMangan
74%
24CrHrom
73%
53IJod
73%
34SeSelen
73%
31GaGalij
71%
9FFluor
70%
27CoKobalt
70%
54XeKsenon
68%
56BaBarij
65%
32GeGermanij
64%
88RaRadij
61%
37RbRubidij
59%
22TiTitanij
56%
92UUranij
56%
87FrFrancij
55%
36KrKripton
53%
78PtPlatina
52%
49InIndij
47%
77IrIridij
45%
23VVanadij
45%
33AsArsen
44%
86RnRadon
42%
85AtAstat
39%
57LaLantan
39%
95AmAmericij
38%
55CsCezij
38%
48CdKadmij
38%
42MoMolibden
38%
74WVolfram
38%
46PdPaladij
36%
75ReRenij
36%
21ScSkandij
36%
38SrStroncij
36%
52TeTelur
36%
84PoPolonij
35%
40ZrCirkonij
33%
63EuEuropij
32%
39YItrij
32%
94PuPlutonij
32%
93NpNeptunij
30%
76OsOsmij
30%
83BiBizmut
29%
102NoNobelij
29%
81TlTalij
29%
73TaTantal
29%
89AcAktinij
27%
41NbNiobij
27%
51SbAntimon
23%
50SnKalaj
23%
45RhRodij
23%
44RuRutenij
23%
58CeCerij
21%
98CfKalifornij
20%
71LuLutecij
20%
68ErErbij
18%
99EsAjnštajnij
17%
70YbIterbij
17%
101MdMendeljevij
17%
43TcTehnecij
17%
90ThTorij
17%
72HfHafnij
15%
65TbTerbij
15%
67HoHolmij
14%
96CmKirij
14%
118OgOganeson
14%
60NdNeodij
12%
111RgRendgenij
12%
105DbDubnij
11%
100FmFermij
11%
62SmSamarij
11%
107BhBorij
9%
108HsHasij
9%
117TsTenesin
9%
97BkBerkelij
8%
64GdGadolinij
8%
116LvLivermorij
8%
103LrLorensij
8%
115McMoskovij
8%
61PmPrometij
8%
104RfRaderfordij
8%
110DsDarmštatij
6%
66DyDisprozij
6%
114FlFlerovij
6%
112CnKopernicij
6%
113NhNihonij
6%
59PrPrazeodij
6%
109MtMajtnerij
5%
91PaProtaktinij
5%
106SgSiborgij
5%
69TmTulij
5%

Score Distribution

Percentile by Number Answered

Percent of People with Each Score

Your Score History

You have not taken this quiz